The quality audit for iso 9001 : (Record no. 343360)
[ view plain ]
| 000 -LEADER | |
|---|---|
| fixed length control field | 00944 a2200193 4500 |
| 020 ## - INTERNATIONAL STANDARD BOOK NUMBER | |
| International Standard Book Number | 0566082454 |
| 020 ## - INTERNATIONAL STANDARD BOOK NUMBER | |
| International Standard Book Number | 9780566082450 |
| 082 04 - DEWEY DECIMAL CLASSIFICATION NUMBER | |
| Classification number | 658.562 |
| 090 ## - LOCALLY ASSIGNED LC-TYPE CALL NUMBER (OCLC); LOCAL CALL NUMBER (RLIN) | |
| -- | 814 |
| -- | 814 |
| 100 1# - MAIN ENTRY--PERSONAL NAME | |
| Personal name | Wealleans, David. |
| 245 14 - TITLE STATEMENT | |
| Title | The quality audit for iso 9001 : |
| Remainder of title | 2000 : |
| -- | a practical guide / |
| Statement of responsibility, etc. | David Wealleans. |
| 260 ## - PUBLICATION, DISTRIBUTION, ETC. | |
| Place of publication, distribution, etc. | [S.l.] : |
| Name of publisher, distributor, etc. | Gower Publishing Company, |
| Date of publication, distribution, etc. | 2000. |
| 300 ## - PHYSICAL DESCRIPTION | |
| Extent | 275 p. ; |
| Dimensions | 24 cm. |
| 500 ## - GENERAL NOTE | |
| General note | Hardcover. |
| 520 ## - SUMMARY, ETC. | |
| Summary, etc. | A complete guide to the entire range of audits associated with maintaining compliance to ISO 9001. The book covers all aspects of auditing, including certification assessment, supplier investigation and internal audit, thereby enabling the auditor to appreciate the approaches adopted. |
| 856 40 - ELECTRONIC LOCATION AND ACCESS | |
| Materials specified | Amazon.com |
| Uniform Resource Identifier | <a href="http://www.amazon.com/exec/obidos/ASIN/0566082454/chopaconline-20">http://www.amazon.com/exec/obidos/ASIN/0566082454/chopaconline-20</a> |
| 856 40 - ELECTRONIC LOCATION AND ACCESS | |
| Materials specified | Amazon customer reviews |
| Uniform Resource Identifier | <a href="http://www.chopac.org/cgi-bin/tools/azrev.pl?q=0566082454">http://www.chopac.org/cgi-bin/tools/azrev.pl?q=0566082454</a> |
| 942 ## - ADDED ENTRY ELEMENTS (KOHA) | |
| Institution code [OBSOLETE] | NBS |
| Koha item type | Book |
| Call number prefix | 658.562 WEA |
| Withdrawn status | Lost status | Damaged status | Not for loan | Permanent Location | Current Location | Date acquired | Total Checkouts | Full call number | Barcode | Date last seen | Price effective from | Koha item type |
|---|---|---|---|---|---|---|---|---|---|---|---|---|
| Central Library (CL) | Central Library (CL) | 08/28/2013 | 658.562 WEA | NBS4193 | 08/28/2013 | 08/28/2013 | Book |
